|
|
|
|
| LEADER |
00000nam a2200000 a 4500 |
| 001 |
vtls001321801 |
| 003 |
SK-MaSNL |
| 005 |
20260301235508.0 |
| 008 |
240318s1966 xo 0 und |
| 035 |
|
|
|a SNK000274465
|
| 040 |
|
|
|a SNK
|b slo
|c SNK
|e AACR2
|
| 044 |
|
|
|a xo
|c SK
|
| 100 |
1 |
|
|a Gyüszüová, M.
|4 aut
|9 632819
|
| 245 |
1 |
0 |
|a Rodičia, pohovorme si o dieťatku
|
| 260 |
|
|
|a Košice
|b Krajské ústredie zdrav. výchovy obyvateľstva
|c 1966
|
| 300 |
|
|
|a 27 s.
|
| 958 |
|
|
|a OND
|
| 999 |
|
|
|c 975320
|d 977250
|
| 952 |
|
|
|t P60, <04>, [BOOK], {604}
|a SNK
|b SNK
|y VYP
|7 0
|p 17A0124911
|o snkSD 30451 D1
|0 0
|1 0
|4 0
|d 1998-02-20
|l 0
|r 2005-01-02 00:00:00
|w 2026-02-24
|
| 952 |
|
|
|a SNK
|b SNK
|y PREZ
|7 0
|p 17A0822170
|o snkSD 30451
|0 0
|1 0
|4 0
|d 2013-08-07
|l 0
|r 2026-02-24 11:03:02
|w 2026-02-24
|